000 00567nam a2200205Ia 4500
008 241004s9999 xx 000 0 und d
020 _a9789391985004
037 _aTextbook
040 _aARTS
_beng
_cARTS
041 _aeng
_2eng
084 _aQ4:33 R2
_qARTS
100 _aDas Sanjib Kumar Au.
245 _aBuddha and pratityasamutpada
_cDas Sanjib Kumar Au.
260 _aIndia
_bDelhi Buddhist World Press
_c2022
300 _aviii,117p.
365 _aINR
_b950
650 _aBuddhism
942 _cTB
_hQ4:33 R2
999 _c1218722
_d1218722